Inselländer - Plötzlicher Tod - Hart - Statistiken

Allgemein
  • Dieses Quiz wurde 486 mal gespielt
  • Das Durchschnittsergebnis liegt bei 13 aus 20
Answers on the Grid
Answers color-coded by a green-red scale on the quiz's grid according to % correct below.
Tahiti
Dominikanische
Republik
Dominica
Hongkong
Kiribati
Singapur
Osterinsel
Grönland
Madagaskar
Sansibar
Island
Irland
Puerto Rico
Papua-Neuguinea
Philippinen
Kuba
Neukaledonien
Neuseeland
Brunei
Bali
Wales
Salomonen
Färöer
Marshallinseln
Niue
Mauritius
Schottland
Hawaii
Bahamas
Madeira
Bermuda
Bahrain
Saint-Croix
Saint-Barthélemy
Saint-Helena
Saint Kitts und Nevis
Saint Lucia
Saint-Martin
Saint-Pierre und Miquelon
Saint Vincent und die Grenadinen
 
Antwortstatistiken
Antwort % Korrekt
Dominikanische
Republik
80%
Dominica
77%
Kiribati
74%
Madagaskar
73%
Island
72%
Kuba
68%
Philippinen
68%
Irland
67%
Neuseeland
65%
Papua-Neuguinea
62%
Marshallinseln
61%
Bahamas
60%
Singapur
60%
Saint Lucia
59%
Salomonen
59%
Mauritius
58%
Saint Kitts und Nevis
58%
Saint Vincent und die Grenadinen
58%
Brunei
52%
Bahrain
50%
Keine übereinstimmenden Quizze gefunden
Verteilung der Resultate
Anzahl Personen mit jedem Resultat
Perzentil nach korrekt beantworteten Fragen
Ihre Resultats-Entwicklung
Sie haben dieses Quiz noch nicht gespielt